Where Did These 2025-2026 Players Play Before Joining Wolfsburg - Statistics

General Stats
  • This quiz has been taken 4 times
  • The average score is 12 of 34
Answer Stats
Player Nationality Position Year Joined Answer % Correct
Christian Eriksen Denmark MF 2025 Manchester United
100%
Bence Dárdai Hungary MF 2024 Hertha BSC
75%
Jesper Lindstrøm (On Loan at Wolfsburg) Denmark FW 2025 Napoli
75%
Joakim Mæhle Denmark DF 2023 Atalanta
50%
Andreas Skov Olsen Denmark FW 2025 Club Brugge
50%
Jakub Zieliński Poland GK 2025 Legia Warszawa
50%
Konstantinos Koulierakis Greece DF 2024 PAOK
50%
Marius Müller Germany GK 2024 Schalke 04
50%
Aaron Zehnter Germany DF 2025 SC Paderborn
50%
Vinícius Souza Brazil MF 2025 Sheffield United
50%
Mohamed Amoura Algeria FW 2024 Union Saint-Gilloise
50%
Maximilian Arnold Germany MF 2011 Wolfsburg(Academy)
50%
Dženan Pejčinović Germany FW 2022 Wolfsburg(Academy)
50%
Patrick Wimmer Austria FW 2022 Arminia Bielefeld
25%
Mattias Svanberg Sweden MF 2022 Bologna
25%
Kamil Grabara Poland GK 2024 Copenhagen
25%
Denis Vavro Slovakia DF 2024 Copenhagen
25%
Jonas Wind Denmark FW 2022 Copenhagen
25%
Bartol Franjić Croatia MF 2022 Dinamo Zagreb
25%
Kilian Fischer Germany DF 2022 FC Nürnberg
25%
Yannick Gerhardt Germany MF 2016 Köln
25%
Aster Vranckx Belgium MF 2021 KV Mechelen
25%
Pavao Pervan Austria GK 2018 LASK
25%
Jakub Kamiński Poland FW 2022 Lech Poznań
25%
Moritz Jenz Germany DF 2023 Lorient
25%
Saël Kumbedi (On Loan at Wolfsburg) France DF 2025 Lyon
25%
Nicolas Cozza France DF 2023 Montpellier
25%
Lovro Majer Croatia MF 2023 Rennes
25%
Eryk Grzywacz Poland MF 2025 Wolfsburg(Academy)
25%
Mathys Angely France DF 2024 Bordeaux
0%
Kevin Paredes USA FW 2022 DC United
0%
Adam Daghim (On Loan at Wolfsburg) Denmark FW 2025 RB Salzburg
0%
Rogério Brazil DF 2023 Sassuolo
0%
Jenson Seelt (On Loan at Wolfsburg) Netherlands DF 2025 Sunderland
0%
No matching quizzes found
Score Distribution
Percent of People with Each Score
Percentile by Number Answered
Your Score History
You have not taken this quiz